000 00670nas a2200241 4500
001 BR9510642
003 BR-BrBNA
005 20231205095554.0
007 ta
008 230509b bl.|||p| |||| 00| 00por d
040 _aBR-BrBNA
_bpor
_cBiblioteca Nacional de Agricultura
041 _a(Pt)
072 _aL74
100 1 _aMalaspina, O.
100 1 _aStort, A.C.
245 1 _aAs abelhas e os pesticidas
650 _aAbelha
650 _aPesticida
650 _aIntoxicacao Animal
773 0 _tApicultura no Brasil (Brazil)
_xISSN 0102-3659
_g(Sep-Oct 1985), v. 2(10) p. 42-45
_wBR9510642
909 _a202311
_bLúcia
_c55
_dLúcia Elande
942 _2AGRIS
_n0
_cANA
999 _c151434
_d151434